Sekeping kad valentine

Bibliographic Details
Main Author: Ahadiat Akashah
Other Authors: Mali Jaafar (Illustrator)
Format: Book
Published: Kuala Lumpur : Creative Enterprise , 1993
Series:Novel remaja creative
Subjects:

MARC

LEADER 00000cam a2200000 7i4500
001 0000003540
002 000003810
005 20011112.0
020 |a 9838930830 
090 0 0 |a F   |b AHA 
100 0 |a Ahadiat Akashah 
245 1 0 |a Sekeping kad valentine   |c Ahadiat Akashah 
260 |a Kuala Lumpur :   |b Creative Enterprise ,   |c 1993 
300 |a 127p. ;   |c 17cm. 
490 0 |a Novel remaja creative 
650 0 0 |a Love stories 
700 0 |a Mali Jaafar ,   |e ill 
999 |a 031848   |b BUKU   |c YOUTH FICTION   |e PERPUSTAKAAN KOMUNITI PETALING JAYA 
999 |a 031849   |b BUKU   |c YOUTH FICTION   |e PERPUSTAKAAN KOMUNITI PETALING JAYA 
999 |a 031850   |b BUKU   |c YOUTH FICTION   |e PERPUSTAKAAN KOMUNITI PETALING JAYA 
999 |a 044612   |b BUKU   |c FICTION   |e PERPUSTAKAAN KOMUNITI CAW KOTA DAMANSARA 
999 |a 044613   |b BUKU   |c PINJAMAN   |e PERPUSTAKAAN KOMUNITI CAW KOTA DAMANSARA 
999 |a 044614   |b BUKU   |c PINJAMAN   |e PERPUSTAKAAN KOMUNITI CAW KOTA DAMANSARA